Plan decenal de gestión ambiental del sur de la amazonia 1996-2005 (Registro nro. 243)
[ vista simple ]
| 000 -CABECERA | |
|---|---|
| Campo de control | 00591nam a2200193 a 4500 |
| 005 - FECHA Y HORA DE LA ULTIMA TRANSACCION | |
| Campo de control | 20151125040018.0 |
| 008 - ELEMENTOS DE LONGITUD FIJA—INFORMACION GENERAL | |
| Campo de control | 140219b1996 ck ||||| |||| 00| 0 spa d |
| 040 ## - FUENTE DE CATALOGACIÓN | |
| Agencia catalogadora original | CO-BoIAVH |
| Agencia transcriptora | CO-BoIAVH |
| 041 ## - IDIOMA | |
| Código de idioma para texto/pista de sonido o título separado | Español |
| 044 ## - PAÍS DE PUBLICACIÓN | |
| País de publicación | Colombia |
| 090 ## - CLASIFICACIÓN LOCAL | |
| Colección | LB |
| Consecutivo | 00223 |
| 110 ## - ASIENTO PRINCIPAL--NOMBRE CORPORATIVO | |
| Unidad subordinad | Corporación para el Desarrollo Sostenible del Sur de la Amazonia |
| 245 ## - MENCION DE TITULO | |
| Título | Plan decenal de gestión ambiental del sur de la amazonia 1996-2005 |
| 260 ## - PUBLICACION, DISTRIBUCION, ETC. (PIE DE IMPRENTA) | |
| Lugar de publicación, distribución, etc. | Mocoa |
| Nombre del editor, distribuidor, etc. | CORPOAMAZONIA |
| Fecha de publicación, distribución, etc. | 1996 |
| 300 ## - DESCRIPCION FISICA | |
| Extensión | 36 paginas |
| Material acompañante | 3 mapas |
| 650 ## - ASIENTO SECUNDARIO DE MATERIA - TERMINO TEMATICO | |
| Término temático o nombre geográfico como elemento de entrada | Gestión ambiental |
| 662 ## - ASIENTO SECUNDARIO DE MATERIA - JERARQUIA DEL NOMBRE DE LUGAR( | |
| País o entidad mayor | Colombia |
| Jurisdicción política de primer orden | Amazonas |
| 942 ## - ELEMENTOS ADICIONALES (KOHA) | |
| Tipo de ítem | Informe Técnico |
| Sistema de clasificación | Local |
| Withdrawn status | Lost status | Sistema de Clasificación | Damaged status | No para préstamo | Colección | Inventariado | Ubicación Permanente | Ubicación actual | Fecha de adquisición | Total Checkouts | Número topográfico | Inventario / Código de Barras | Date last seen | Ejemplar | Price effective from | Forma de adquisición | Tipo de material | Public note |
|---|---|---|---|---|---|---|---|---|---|---|---|---|---|---|---|---|---|---|
| Local | General | Inventariado 2017 | Bogotá | Bogotá | 26/12/1997 | LB-00223 | 000310 | 04/12/2012 | Ej. 1 | 04/12/2012 | Informe Técnico | |||||||
| Local | General | Inventariado 2017 | Villa de Leyva | Villa de Leyva | 26/12/1997 | LB-00223 | 000312 | 04/12/2012 | Ej. 1 | 04/12/2012 | Mapa | Flujo de maderas y centros de acopio | ||||||
| Local | General | Inventariado 2017 | Villa de Leyva | Villa de Leyva | 26/12/1997 | LB-00223 | 000313 | 04/12/2012 | Ej. 1 | 04/12/2012 | Mapa | Frentes de colonización | ||||||
| Local | General | Inventariado 2017 | Villa de Leyva | Villa de Leyva | 26/12/1997 | LB-00223 | 000314 | 04/12/2012 | Ej. 1 | 04/12/2012 | Mapa | Localización de: reservas especiales parques naturales y zonas de reservas indígenas |